[Event "Florence op-B 6th"]
[Site "Florence"]
[Date "2012.11.04"]
[Round "6"]
[White "Aversa, Alessandro"]
[Black "Bonechi, Federico"]
[Result "1-0"]
[WhiteElo "1389"]
[BlackElo "1446"]
[PlyCount "99"]
[EventDate "2012.11.01"]
[EventType "swiss"]
[EventRounds "7"]
[EventCountry "ITA"]
[SourceTitle "EXT 2024"]
[Source "ChessBase"]
[SourceDate "2023.10.10"]
[SourceVersion "1"]
[SourceVersionDate "2023.10.10"]
[SourceQuality "1"]

1. d4 Nf6 2. Nf3 e6 3. c4 b6 4. Nc3 Bb4 5. Bd2 Bb7 6. a3 Bxc3 7. Bxc3 d6 8. e3 Nbd7 9. b4 Qe7 10. c5 dxc5 11. dxc5 bxc5 12. bxc5 Qxc5 13. Bb4 Qb6 14. Rb1 c5 15. Bc3 Qc7 16. Be2 0-0 17. 0-0 Bc6 18. Qc2 Nd5 19. Bb2 Ne7 20. Ng5 Ng6 21. Qc3 Qe5 22. Bc4 Qxc3 23. Bxc3 Nge5 24. Ba2 h6 25. Nh3 Rab8 26. f3 Rxb1 27. Rxb1 Ng6 28. Kf2 Rb8 29. Rd1 Kf8 30. Nf4 Nxf4 31. exf4 g6 32. g4 Nb6 33. Be5 Rb7 34. Rd8+ Be8 35. Bd6+ Re7 36. Bxc5 Nd7 37. Bxe7+ Kxe7 38. Ra8 Nc5 39. Rxa7+ Nd7 40. Ke3 Kd6 41. Kd4 e5+ 42. fxe5+ Nxe5 43. Ra6+ Nc6+ 44. Kc4 Bd7 45. Bb1 Be6+ 46. Kb5 Bd5 47. Be4 Bxe4 48. fxe4 Ke5 49. Rxc6 Kxe4 50. a4 1-0

[Event "Florence op-B 6th"]
[Site "Florence"]
[Date "2012.11.02"]
[Round "3"]
[White "Bonechi, Federico"]
[Black "Ferrari, Paolo"]
[Result "1-0"]
[WhiteElo "1446"]
[BlackElo "1272"]
[PlyCount "165"]
[EventDate "2012.11.01"]
[EventType "swiss"]
[EventRounds "7"]
[EventCountry "ITA"]
[SourceTitle "EXT 2024"]
[Source "ChessBase"]
[SourceDate "2023.10.10"]
[SourceVersion "1"]
[SourceVersionDate "2023.10.10"]
[SourceQuality "1"]

1. e4 e5 2. Nf3 d6 3. d4 exd4 4. Nxd4 Nf6 5. Nc3 b6 6. Bc4 Qe7 7. f3 a6 8. a4 Bd7 9. Qe2 c5 10. Nb3 a5 11. 0-0 Nc6 12. Bg5 Nb4 13. Rfe1 0-0-0 14. Nd5 Nbxd5 15. Bxd5 Kc7 16. Qa6 Rc8 17. Qb7+ Kd8 18. Qxb6+ Rc7 19. Bd2 Bc8 20. Bxa5 Nxd5 21. exd5 Qd7 22. Qxc7+ Qxc7 23. Bxc7+ Kxc7 24. c4 g6 25. Nd2 Bg7 26. Re7+ Bd7 27. Ra2 Rf8 28. Ne4 Kd8 29. Rxd7+ Kxd7 30. Kf2 Bd4+ 31. Ke2 f5 32. Ng5 Re8+ 33. Kd2 Be3+ 34. Kd3 Bxg5 35. Ra3 Re3+ 36. Kc2 Re2+ 37. Kb3 Bf6 38. Ra2 Rxg2 39. a5 Re2 40. a6 Re8 41. Ka4 Ra8 42. Ka5 Bd8+ 43. Kb5 Kc7 44. Ra1 Bf6 45. Ra2 Rb8+ 46. Ka5 Bd4 47. h3 Bxb2 48. a7 Bc3+ 49. Ka4 Ra8 50. Kb5 Bb4 51. Ra6 Bd2 52. Rc6+ Kd7 53. Kb6 Ba5+ 54. Kb7 Rd8 55. a8Q Rxa8 56. Kxa8 h5 57. Kb7 g5 58. Ra6 Bd2 59. Ra2 Be3 60. Re2 Bd4 61. Kb6 Be5 62. Kb5 Ke7 63. Ka4 Kf6 64. Kb3 h4 65. Kc2 Kg6 66. Re3 Kh5 67. Rxe5 dxe5 68. d6 g4 69. fxg4+ fxg4 70. d7 gxh3 71. d8Q Kg4 72. Qd1+ Kf4 73. Qf1+ Kg3 74. Qg1+ Kf4 75. Qh2+ Kg4 76. Kd3 Kh5 77. Qxh3 Kg5 78. Ke4 Kh5 79. Kxe5 Kg5 80. Kd5 Kh5 81. Kxc5 Kg5 82. Kd5 Kh5 83. c5 1-0